Don Quijote de la Mancha (Registro nro. 12203)

Detalles MARC
000 -ENCABEZADO
Número de control [NR] 00657nam a2200193Ia 4500
008 - DE LONGITUD FIJA DE DATOS DE ELEMENTOS - INFORMACIÓN GENERAL
Elementos de longitud fija [NR] 130821s1972 sp gr spa
040 ## - FUENTE DE CATALOGACION [NR]
Agencia de catalogación original [NR] Co-BoUCM
Idioma de catalogación [NR] spa
041 ## - CODIGO DE IDIOMA [R]
Código de idioma para texto/pista de sonido o título separado [R] Español
100 ## - ASIENTO PRINCIPAL--NOMBRE PERSONAL [NR]
Nombre personal [NR] Fernandez de Avellaneda, Alonso
Fechas asociadas con el nombre [NR] 1614-
ID Autoridad 114805
245 ## - MENCION DE TITULO [NR]
Título [NR] Don Quijote de la Mancha
Mención de responsabilidad, etc. [NR] Alonso Fernández de Avellaneda
260 ## - PUBLICACION, DISTRIBUCION, ETC. (PIE DE IMPRENTA) [R]
Lugar de publicación, distribución, etc. [R] Madrid (España)
Nombre del editor, distribuidor, etc. [R] Espasa-Calpe
Fecha de publicación, distribución, etc. [R] 1972
300 ## - DESCRIPCION FISICA [R]
Extensión [R] 3 volúmenes
490 ## - MENCION DE SERIE [R]
Mención de serie [R] Cl sicos Castellanos; 174
-- 175
-- 76
504 ## - NOTA DE BIBLIOGRAFIA, ETC. [R]
Nota de bibliografía, etc. [NR]
650 04 - ASIENTO SECUNDARIO DE MATERIA - TERMINO TEMATICO [R]
Término temático o nombre geográfico como elemento de entrada [NR] Literatura española
9 (RLIN) 7793
650 04 - ASIENTO SECUNDARIO DE MATERIA - TERMINO TEMATICO [R]
Término temático o nombre geográfico como elemento de entrada [NR] Novela española
9 (RLIN) 20500
942 ## - ELEMENTOS DE ENTRADA AGREGADOS (KOHA)
Tipo de ítem principal el descrito en 300a Libro
Tema principal Literatura
Edición 1
Parte restante de la signatura top. F37
Sistema de clasificación DEWEY
Clasificación 863.3
Título oculto en OPAC No
Existencias
Fecha de último préstamo Total préstamos Signatura topográfica Código de barras Última vez visto Volúmen / Fascículo Ejemplar Price effective from Tipo de ítem Perdido Sistema de clasificación Dañado No prestable Tipo de ítem específico Suprimido Ubicación habitual Ubicación actual Localización Fecha de creación Forma de adquisición Costo
22/08/2011 6 863.3 F37 100020790 15/01/2018 V.1 Ej.1 03/02/2013 Libro   DEWEY     Libro   Bodega Bodega Préstamo 4 días después de solicitado 28/02/2003 Donación 390.00
22/08/2011   863.3 F37 100020791 15/01/2018 V.3 Ej.1 03/02/2013 Libro   DEWEY     Libro   Bodega Bodega Préstamo 4 días después de solicitado 28/02/2003 Donación 390.00
04/04/2019 2 863.3 F37 100020792 09/12/2025 V.2 Ej.1 03/02/2013 Libro   DEWEY     Libro   Claustro Claustro 2do piso 28/02/2003 Donación 390.00